000 00737nam a2200229Ia 4500
005 20251020182614.0
008 200515s9999 xx 000 0 und d
082 _aSC/691.41(083.74)/P45
110 _aIninvi
245 0 _aAdobe
250 _a3a ed.
260 _aLima
260 _c1987
300 _a18
520 _aEl adobe como unidad para la construcción de albañilería con este material, así como las características, comportamiento y diseño de ésta. El objetivo de diseño de construcciones de adobe es proyectar edificaciones que resistan las acciones sísmicas, evit
650 _aADOBE
650 _aCONSTRUCCIONES EN TIERRA
650 _aE-80
650 _aNORMAS
650 _aPUB ININVI
942 _cLIB
999 _c3452
_d3452